Lecciones de la Historia de las Políticas Cambiarias en Argentina 1930-1980 (Registro nro. 25405)

Detalles MARC
000 -LEADER
fixed length control field 00362 a2200109 4500
001 - CONTROL NUMBER
control field ART_11259
005 - DATE AND TIME OF LATEST TRANSACTION
control field 20260410161855.0
008 - FIXED-LENGTH DATA ELEMENTS--GENERAL INFORMATION
fixed length control field 260409a
100 1# - MAIN ENTRY--PERSONAL NAME
Personal name Frediani, Ramón O.
245 10 - TITLE STATEMENT
Title Lecciones de la Historia de las Políticas Cambiarias en Argentina 1930-1980
773 0# - HOST ITEM ENTRY
Title Revista de Economía
Related parts - Nº 55 (abr./jun. 1989)
Record control number REV11077

No hay ítems disponibles.